000 00780nam0a22002531 4500
001 rc\2727974
005 20250806203355.0
035 _a(NLR Aleph) 006855403
090 _a9100
_c9100
100 _a20110915d1943 u y0rusy50 ca
101 0 _arus
102 _aRU
105 _ay z |||a|
200 1 _aПод Москвой
_eПовесть
_fЕвг. Габрилович
210 _aМосква
_cВоенмориздат
_d1943
215 _a190, [2] с.
_d14 см.
700 1 _aГабрилович
_bЕ.И.
_f1899-
_gЕвгений Иосифович
801 0 _aRU
_bNLR
_gpsbo
801 1 _aRU
_bELAR
_2rusmarc
852 _aNLR
_jЛ30 Г-1/188
942 _cBOOK
945 _aРоссийская национальная библиотека
980 _aNB
980 _aBV